| 000 | 00362nam a2200133Ia 4500 | ||
|---|---|---|---|
| 008 | 230917s9999||||xx |||||||||||||| ||und|| | ||
| 040 |
_e40980 _aMAIN |
||
| 041 | _aEnglish | ||
| 082 | _a813.09 F661E | ||
| 100 | _aFlory, Claude Reherdd | ||
| 245 | 0 | _aEconomic criticism in American fiction: 1792-1900 | |
| 260 |
_aNew York _bRussell & Russell _c1969 |
||
| 942 | _cBK | ||
| 999 |
_c49983 _d49983 |
||